Sâu bệnh và cỏ dại hại mía

Đã lưu trong:
Sonraí Bibleagrafaíochta
Príomhúdar: Cục Khuyến nông và Khuyến lâm
Formáid: Leabhar
Teanga:Undetermined
Foilsithe: Hà Nội Nông Nghiệp 2000
Ábhair:
Clibeanna: Cuir Clib Leis
Gan Chlibeanna, Bí ar an gcéad duine leis an taifead seo a chlibeáil!
Thư viện lưu trữ: Trung tâm Học liệu Trường Đại học Cần Thơ
LEADER 00638nam a2200193Ia 4500
001 CTU_40561
008 210402s9999 xx 000 0 und d
020 |b 16.000đ 
082 |a 632.5 
082 |b S125 
100 |a Cục Khuyến nông và Khuyến lâm 
245 0 |a Sâu bệnh và cỏ dại hại mía 
245 0 |c Cục Khuyến nông và Khuyến lâm 
260 |a Hà Nội 
260 |b Nông Nghiệp 
260 |c 2000 
650 |a pests - control,sugar-cane - diseases and pests,sugar-cane - weed control 
904 |i Minh, 010321 
980 |a Trung tâm Học liệu Trường Đại học Cần Thơ